Studies in Ephesians. (Record no. 5845)

000 -LEADER
fixed length control field 00676nam a2200205 a 4500
001 - CONTROL NUMBER
control field :::00003587$&:&@@
003 - CONTROL NUMBER IDENTIFIER
control field OkBaRHE
005 - DATE AND TIME OF LATEST TRANSACTION
control field 20100401125012.0
008 - FIXED-LENGTH DATA ELEMENTS--GENERAL INFORMATION
fixed length control field s1983 j 000 0 eng u
040 ## - CATALOGING SOURCE
Transcribing agency
100 1# - MAIN ENTRY--PERSONAL NAME
Personal name Tucker, W. Leon (Walter Leon), 1871-1934.
245 10 - TITLE STATEMENT
Title Studies in Ephesians.
260 ## - PUBLICATION, DISTRIBUTION, ETC. (IMPRINT)
Place of publication, distribution, etc Grand Rapids, MI., :
Name of publisher, distributor, etc Kregel Publications
Date of publication, distribution, etc 1983
300 ## - PHYSICAL DESCRIPTION
Extent 132 p. ;
Dimensions 20 cm.
490 0# - SERIES STATEMENT
Series statement Tucker study series.
650 ## - SUBJECT ADDED ENTRY--TOPICAL TERM
Topical term or geographic name as entry element Bible New Testament Ephesians
General subdivision Criticism, Interpretation, etc.
730 ## - ADDED ENTRY--UNIFORM TITLE
Uniform title "With Him".
942 ## - ADDED ENTRY ELEMENTS (KOHA)
Source of classification or shelving scheme
Koha item type Books
Copies
Lost status Full call number Not for loan Copy number Barcode Shelving location Source of classification or shelving scheme Price effective from Date acquired Koha item type Permanent Location Damaged status Date last seen Withdrawn status
 BS 2695 .T8 1983 13587General Stacks 2010-04-142010-04-14BooksRHEMA Bible Training College 2018-04-03